000 00292nam a22001337a 4500
020 _a978-0-00-717509-3
082 _a823
_bNIX/L
100 _aNIX, GARTH
245 _aLADY FRIDAY
260 _aLONDON
_bHARPER COLLINS
_c2007
300 _a371
650 _aNOVEL
_zUNITED KINGDOM
942 _cBK
999 _c3640
_d3640